[Event "Swiss Queens Wed #8"]
[Site "FIDE Online Arena INT"]
[Date "2024.03.20"]
[Round "8"]
[White "Farhat, Salam"]
[Black "Preobrazhenskaya, Diana"]
[Result "0-1"]
[WhiteElo "1855"]
[BlackElo "1992"]
[PlyCount "78"]
[EventDate "2024.03.20"]
[EventType "swiss (blitz)"]
[EventRounds "11"]
[EventCountry "NET"]
[SourceTitle "CB13_2024"]
[SourceDate "2024.03.27"]
[SourceVersion "1"]
[SourceVersionDate "2024.03.27"]
[SourceQuality "1"]

1. e4 c5 2. Nf3 d6 3. d4 cxd4 4. Nxd4 Nf6 5. Nc3 a6 6. f3 e5 7. Nb3 Be6 8. Be3 h5 9. Bd3 Nbd7 10. Qd2 b5 11. a3 Qc7 12. h4 Nb6 13. Bg5 Be7 14. Qf2 d5 15. exd5 Nbxd5 16. Nxd5 Bxd5 17. Nd2 Rd8 18. 0-0 Bc5 19. Be3 Bxe3 20. Qxe3 0-0 21. Qg5 Bc4 22. Nxc4 bxc4 23. Bf5 Rd4 24. Qg3 Rf4 25. Bh3 e4 26. fxe4 Rxf1+ 27. Rxf1 Qxg3 28. e5 Qxe5 29. Rf5 Qxb2 30. a4 Ne4 31. Rxh5 Ng3 32. Kh2 Nxh5 33. a5 Qe5+ 34. Kg1 Rd8 35. Bg4 Ng3 36. Bf3 Rd2 37. Kh2 Nf1+ 38. Kg1 Qh2+ 39. Kxf1 Qh1# 0-1

[Event "Swiss Queens Wed #8"]
[Site "FIDE Online Arena INT"]
[Date "2024.03.20"]
[Round "11"]
[White "Preobrazhenskaya, Diana"]
[Black "Tripurambika, V."]
[Result "1-0"]
[WhiteElo "1992"]
[BlackElo "1626"]
[PlyCount "63"]
[EventDate "2024.03.20"]
[EventType "swiss (blitz)"]
[EventRounds "11"]
[EventCountry "NET"]
[SourceTitle "CB13_2024"]
[SourceDate "2024.03.27"]
[SourceVersion "1"]
[SourceVersionDate "2024.03.27"]
[SourceQuality "1"]

1. e4 c5 2. Nf3 g6 3. d4 cxd4 4. Nxd4 Nc6 5. c4 Nf6 6. Nc3 Nxd4 7. Qxd4 Bg7 8. e5 Ng8 9. Bf4 Nh6 10. 0-0-0 0-0 11. Qd2 Nf5 12. g4 Nh4 13. Be2 f5 14. Bg3 e6 15. g5 f4 16. Bxh4 Bxe5 17. Bf3 Qb6 18. Rhe1 d6 19. Qc2 Bd7 20. Rxe5 dxe5 21. Rxd7 Rad8 22. Rxb7 Qd4 23. Ne2 Qd6 24. c5 Qd3 25. Qxd3 Rxd3 26. Bg4 f3 27. Bxe6+ Kh8 28. Nc3 Rfd8 29. Bg3 R3d5 30. Nxd5 Rxd5 31. Bxd5 a6 32. Bxe5# 1-0

[Event "Swiss Queens Wed #6"]
[Site "FIDE Online Arena INT"]
[Date "2024.03.06"]
[Round "2"]
[White "Ganesh, Linggeswary"]
[Black "Preobrazhenskaya, Diana"]
[Result "0-1"]
[WhiteElo "1499"]
[BlackElo "1992"]
[PlyCount "72"]
[EventDate "2024.03.06"]
[EventType "swiss (blitz)"]
[EventRounds "11"]
[EventCountry "NET"]
[SourceTitle "CB11_2024"]
[SourceDate "2024.03.13"]
[SourceVersion "1"]
[SourceVersionDate "2024.03.13"]
[SourceQuality "1"]

1. e4 c5 2. Nf3 d6 3. d4 cxd4 4. Nxd4 a6 5. Nc3 Nf6 6. f3 e5 7. Nb3 Be6 8. Be3 h5 9. Bd3 Nbd7 10. Qd2 Be7 11. 0-0-0 b5 12. Kb1 Qc7 13. h3 h4 14. Rhg1 Nb6 15. Be2 b4 16. Bxb6 Qxb6 17. Nd5 Nxd5 18. exd5 Bf5 19. Bd3 Bxd3 20. Qxd3 a5 21. Nd2 a4 22. Nc4 Qc5 23. Rge1 0-0 24. Re4 b3 25. cxb3 axb3 26. a3 f5 27. Ree1 Bf6 28. Rc1 Qf2 29. Rg1 e4 30. fxe4 fxe4 31. Qxb3 Rfb8 32. Qc2 Qd4 33. Rgd1 Qxc4 34. Qxc4 Rxb2+ 35. Ka1 Rxa3+ 36. Qa2 Raxa2# 0-1

[Event "Swiss Queens Wed #6"]
[Site "FIDE Online Arena INT"]
[Date "2024.03.06"]
[Round "7"]
[White "Preobrazhenskaya, Diana"]
[Black "Vifleemskaia, Svetlana"]
[Result "0-1"]
[WhiteElo "1992"]
[BlackElo "1942"]
[PlyCount "88"]
[EventDate "2024.03.06"]
[EventType "swiss (blitz)"]
[EventRounds "11"]
[EventCountry "NET"]
[SourceTitle "CB11_2024"]
[SourceDate "2024.03.13"]
[SourceVersion "1"]
[SourceVersionDate "2024.03.13"]
[SourceQuality "1"]

1. e4 e5 2. Nf3 Nc6 3. Bb5 a6 4. Ba4 Nf6 5. 0-0 Be7 6. Re1 b5 7. Bb3 d6 8. c3 0-0 9. h3 Nd7 10. d4 Bf6 11. d5 Ne7 12. Bc2 Ng6 13. b3 Nh4 14. c4 Nxf3+ 15. Qxf3 Bg5 16. Nc3 bxc4 17. bxc4 Nc5 18. Qg3 Bxc1 19. Raxc1 Bd7 20. f4 Qf6 21. f5 Rab8 22. Rb1 h6 23. Qe3 Qg5 24. Qf2 h5 25. h4 Qf6 26. Re3 Rxb1+ 27. Bxb1 Rb8 28. Qe1 Qh6 29. Rg3 Qf4 30. Rf3 Qg4 31. Rg3 Qf4 32. Ne2 Qh6 33. Rg5 Be8 34. Bc2 f6 35. Rg3 Kf8 36. Rf3 Ke7 37. Qc3 g6 38. Kh2 g5 39. hxg5 Qxg5 40. Rg3 Qh4+ 41. Kg1 Nxe4 42. Rg7+ Bf7 43. Bxe4 Qxe4 44. Qe1 Rb1 0-1

[Event "Swiss Queens Wed #3"]
[Site "FIDE Online Arena INT"]
[Date "2024.02.14"]
[Round "10"]
[White "Preobrazhenskaya, Diana"]
[Black "Aliaga Fernandez, Ingrid Yadira"]
[Result "1-0"]
[WhiteElo "1859"]
[BlackElo "2147"]
[PlyCount "101"]
[EventDate "2024.02.14"]
[EventType "swiss (blitz)"]
[EventRounds "11"]
[EventCountry "NET"]
[SourceTitle "CB08_2024"]
[SourceDate "2024.02.21"]
[SourceVersion "1"]
[SourceVersionDate "2024.02.21"]
[SourceQuality "1"]

1. e4 c5 2. Nf3 e6 3. d4 cxd4 4. Nxd4 a6 5. Bd3 Nf6 6. 0-0 Qc7 7. Qe2 d6 8. c4 Nc6 9. Nxc6 bxc6 10. Nc3 e5 11. f4 Be7 12. f5 h5 13. h3 Rb8 14. Be3 h4 15. a3 a5 16. Qd2 Nh5 17. b4 Ng3 18. Rfb1 0-0 19. b5 Bd7 20. b6 Qb7 21. Bg5 Be8 22. f6 Bxf6 23. Bxf6 gxf6 24. Qh6 Qd7 25. Qxh4 Kg7 26. Qxg3+ Kh8 27. Qh4+ Kg7 28. Rf1 Rg8 29. Qxf6+ Kf8 30. Qh6+ Ke7 31. Qh4+ Kf8 32. Rf6 Rxb6 33. Raf1 Rb3 34. Qh6+ Ke7 35. Qh7 Rf8 36. Be2 Kd8 37. Bg4 Qa7+ 38. Kh2 Rxc3 39. Rxd6+ Kc7 40. Qh6 Qc5 41. Rdf6 Rxc4 42. R6f5 Rd4 43. Qe3 f6 44. Rxf6 Rxf6 45. Rxf6 Rc4 46. Qg5 Kb6 47. Qg7 Rc2 48. Rf1 Rb2 49. Qg5 Rb3 50. Qd8+ Kb5 51. Qxe8 1-0

[Event "Titled Tuesday intern op 13th Feb Early"]
[Site "Chess.com INT"]
[Date "2024.02.13"]
[Round "3"]
[White "Preobrazhenskaya, Diana"]
[Black "Bogumil, Tatiana"]
[Result "1-0"]
[WhiteElo "1859"]
[BlackElo "2090"]
[PlyCount "83"]
[EventDate "2024.02.13"]
[EventType "swiss (blitz)"]
[EventRounds "11"]
[EventCountry "USA"]
[SourceTitle "CB08_2024"]
[SourceDate "2024.02.21"]
[SourceVersion "1"]
[SourceVersionDate "2024.02.21"]
[SourceQuality "1"]

1. e4 c5 2. Nf3 b6 3. d4 Bb7 4. Nc3 g6 5. Be2 Bg7 6. 0-0 cxd4 7. Nxd4 Nc6 8. Be3 d6 9. Bb5 Rc8 10. Nd5 Nf6 11. Nb4 Qd7 12. Nbxc6 Bxc6 13. Nxc6 Rxc6 14. Bxc6 Qxc6 15. f3 0-0 16. c3 a6 17. Qd3 b5 18. Rfd1 Nd7 19. Bd4 Ne5 20. Qe2 g5 21. Be3 h6 22. f4 gxf4 23. Bxf4 Ng6 24. Bg3 Rc8 25. Rd5 Qc4 26. Qxc4 Rxc4 27. Re1 b4 28. cxb4 Rxb4 29. b3 Rb6 30. Rc1 Bb2 31. Rc8+ Kg7 32. Bf2 Rb4 33. Rc4 Ba3 34. Ra5 Rxc4 35. bxc4 Bb4 36. Rxa6 Nf4 37. Kf1 Nd3 38. a4 Kf6 39. Ra8 Ke5 40. Re8 e6 41. Ke2 Kxe4 42. Rb8 1-0

[Event "Swiss Queens Wed #2"]
[Site "FIDE Online Arena INT"]
[Date "2024.02.07"]
[Round "5"]
[White "Kubicka, Anna"]
[Black "Preobrazhenskaya, Diana"]
[Result "1-0"]
[WhiteElo "2278"]
[BlackElo "1859"]
[PlyCount "81"]
[EventDate "2024.02.07"]
[EventType "swiss (blitz)"]
[EventRounds "11"]
[EventCountry "NET"]
[SourceTitle "CB07_2024"]
[SourceDate "2024.02.14"]
[SourceVersion "1"]
[SourceVersionDate "2024.02.14"]
[SourceQuality "1"]

1. e4 c5 2. Ne2 d6 3. g3 Nf6 4. Bg2 e6 5. 0-0 Be7 6. c3 0-0 7. d4 Nbd7 8. h3 Qc7 9. Be3 Rb8 10. a4 b6 11. Na3 a6 12. f4 Bb7 13. Qd3 Rfd8 14. g4 c4 15. Qc2 Qc6 16. Ng3 d5 17. e5 Ne4 18. Nxe4 dxe4 19. f5 exf5 20. gxf5 Bf8 21. Qe2 b5 22. axb5 axb5 23. Nc2 Qd5 24. Bg5 Rdc8 25. Ne3 Qc6 26. Qg4 Qc7 27. e6 fxe6 28. fxe6 Nb6 29. Rf7 Qc6 30. Raf1 Re8 31. e7 Bxe7 32. Rxg7+ Kxg7 33. Bf6+ Kf7 34. Be5+ Bf6 35. Rxf6+ Qxf6 36. Bxf6 Kxf6 37. Qf5+ Ke7 38. Qc5+ Kf7 39. Qxb6 Rg8 40. Qc7+ Kf6 41. Kh2 1-0